| 000 | 01017cam a2200301 i 4500 | ||
|---|---|---|---|
| 001 | 373431 | ||
| 003 | NUST | ||
| 005 | 20211128133435.0 | ||
| 008 | 780426s1976 pk 000 0 eng | ||
| 010 | _a 77930118 | ||
| 020 | _cRs15.00 | ||
| 038 | _awaseem | ||
| 040 |
_aDLC _cDLC _dDLC |
||
| 043 | _aa-pk--- | ||
| 050 | 0 | 0 |
_aKPL3290.A311967 _bK48 1976 |
| 082 | 0 | 0 |
_a343.5491054 _bKHA |
| 100 | 1 |
_aKhan, Ch. Subhan. _985195 |
|
| 245 | 1 | 4 |
_aThe Land revenue act (XVII of 1967): With Land Revenue Rules, 1968 / _cby Ch. Subhan Khan. |
| 260 |
_aLahore : _bMansoor Book House, _c2020. |
||
| 300 |
_a410 p. ; _c22 cm. |
||
| 563 | _aHBK. | ||
| 650 | 0 |
_aReal property tax _xLaw and legislation _zPakistan. _985196 |
|
| 650 | 0 |
_aAgriculture _xTaxation _xLaw and legislation _zPakistan. _985197 |
|
| 710 | 1 | 2 |
_aWest Pakistan. _kLaws, statutes, etc. _tWest Pakistan land revenue act, 1967. 1976. _985198 |
| 906 |
_a7 _bcbc _corignew _d3 _encip _f19 _gy-gencatlg |
||
| 942 |
_2ddc _cBK |
||
| 999 |
_c586892 _d586892 |
||